00833cam7a220026500 4500001001200000008004100012035001900053035001800072100003000090245005100120260001000171949004900181949004100230949004100271949004100312004000600353591002400359591005300383591001700436591003100453591002900484900002300513909001200536999001900548zam00002664951128s1973 xx eng u a(Sirsi) r20014 a(MACHINE)SLC.1 aDecalo, Samuel.6A23269.110aMilitary coups and military regimes in Africa. c1973. aDEC1-4MILwlcci-18269mMAINtBOOKlON-SHELF aDEC1-4MILwlccmMAINtBOOKlON-SHELF aDEC1-4MILwlccmMAINtBOOKlON-SHELF aDEC1-4MILwlccmMAINtBOOKlON-SHELF20014 aClass code: PL 110. aCourse: Introduction to government and politics. aSchool: S05. aLecturer: Dr. LAWSON, L.A. aNumber of Students: 170. 2MAIN8DEC1-4MILc4 aReprint c169938d169938